Ekonomičeskij mechanizm NTP v rynočnych uslovijach.

Vplyv konkurencie na urýchľovanie vedeckotechnického pokroku vo vyspelej trhovej ekonomike. Cenová konkurencia a necenové formy konkurencie. Úloha štátu v stimulovaní rozvoja vedy. Organizácia a riadenie vedy formou kontraktného programovo-cieľového financovania. Príčiny vysokej koncentrácie priemys...

Ausführliche Beschreibung

Gespeichert in:
Bibliographische Detailangaben
1. Verfasser: Nikitin, S.
Format: Buchkapitel
Sprache:Russisch
Schlagworte:
Tags: Tag hinzufügen
Keine Tags, Fügen Sie das erste Tag hinzu!

MARC

LEADER 00000naa a2200000 4500
001 r006891
005 20221208123242.6
041 0 |a rus 
044 |a [SU] 
245 1 0 |a Ekonomičeskij mechanizm NTP v rynočnych uslovijach.  |c S. Nikitin 
520 |a Vplyv konkurencie na urýchľovanie vedeckotechnického pokroku vo vyspelej trhovej ekonomike. Cenová konkurencia a necenové formy konkurencie. Úloha štátu v stimulovaní rozvoja vedy. Organizácia a riadenie vedy formou kontraktného programovo-cieľového financovania. Príčiny vysokej koncentrácie priemyselného výskumu do veľkých spoločností. 
610 2 0 |a pokrok vedeckotechnický 
610 2 0 |a konkurencia 
610 2 0 |a hospodárstvo trhové 
610 2 0 |a ceny konkurenčné 
610 2 0 |a veda 
610 2 0 |a financovanie vedy 
610 2 0 |a výskum podnikový 
610 2 0 |a mechanizmus hospodársky 
100 1 |a Nikitin, S.